[Event "BL 2425 SG Solingen - SV Werder Bremen"]
[Site "?"]
[Date "2025.01.12"]
[Round "6.1"]
[White "Ivic, Velimir"]
[Black "Warmerdam, Max"]
[Result "1-0"]
[WhiteElo "2620"]
[BlackElo "2646"]
[PlyCount "81"]
[EventDate "2025.??.??"]

1. e4 g6 2. d4 d6 3. Nc3 Bg7 4. Be3 a6 5. h4 h5 6. Nf3 Nf6 7. Bd3 O-O 8. Qd2 Ng4 9. Bg5 c5 10. d5 b5 11. O-O Nd7 12. Rfe1 Re8 13. Bf1 Qc7 14. Rad1 Ndf6 15. Bf4 b4 16. Nb1 Bb7 17. c4 Rad8 18. Qc2 e5 19. Bc1 Bc8 20. Ng5 Nh7 21. Nxh7 Kxh7 22. f3 Nh6 23. a3 a5 24. axb4 axb4 25. Bd3 Qe7 26. Bg5 f6 27. Be3 Rg8 28. Nd2 Rdf8 29. Ra1 g5 30. Bf2 Bh8 31. Nf1 g4 32. f4 exf4 33. g3 fxg3 34. Bxg3 f5 35. exf5 Bd4+ 36. Kg2 Qf6 37. Nd2 b3 38. Nxb3 Bxb2 39. Ra7+ Kh8 40. Ree7 Rg7 41. Rxg7 1-0

[Event "BL 2425 SG Solingen - SV Werder Bremen"]
[Site "?"]
[Date "2025.01.12"]
[Round "6.2"]
[White "L'Ami, Erwin"]
[Black "McShane, Luke J"]
[Result "1/2-1/2"]
[WhiteElo "2614"]
[BlackElo "2609"]
[PlyCount "91"]
[EventDate "2025.??.??"]

1. e4 e5 2. Nf3 Nc6 3. d4 exd4 4. Nxd4 Bb4+ 5. c3 Be7 6. Nf5 Bf6 7. Ne3 Nge7 8. Be2 Bg5 9. O-O Bf4 10. c4 O-O 11. Nc3 d6 12. Ned5 Bxc1 13. Rxc1 Be6 14. f4 f6 15. Bg4 Bxg4 16. Qxg4 Rf7 17. Rcd1 Qc8 18. Qh5 a6 19. Rd3 Ng6 20. Ne3 Nb4 21. Rd2 Qb8 22. g3 Qa7 23. Qf3 Re8 24. Kg2 Ne7 25. Qf2 Nbc6 26. Re1 Nd8 27. Ned5 Qxf2+ 28. Kxf2 Nc8 29. b4 Ne6 30. Ne3 g6 31. Ncd5 Kg7 32. h4 c6 33. Nc3 Rfe7 34. Red1 a5 35. a3 axb4 36. axb4 Nc7 37. Rd3 Na6 38. Rb1 Nb8 39. Kf3 Nd7 40. Rbd1 Nf8 41. c5 dxc5 42. bxc5 Ne6 43. Na4 Nf8 44. Nc3 Ne6 45. Na4 Nf8 46. Nc3 1/2-1/2

[Event "BL 2425 SG Solingen - SV Werder Bremen"]
[Site "?"]
[Date "2025.01.12"]
[Round "6.3"]
[White "Areshchenko, Alexander"]
[Black "Ragger, Markus"]
[Result "1/2-1/2"]
[WhiteElo "2606"]
[BlackElo "2580"]
[PlyCount "48"]
[EventDate "2025.??.??"]

1. e4 e5 2. Nf3 Nc6 3. Bc4 Bc5 4. d3 d6 5. a4 Nf6 6. Nc3 O-O 7. h3 Be6 8. O-O a5 9. Bxe6 fxe6 10. Be3 Bxe3 11. fxe3 d5 12. exd5 exd5 13. e4 Qd6 14. Qe2 dxe4 15. Nxe4 Nd4 16. Nxf6+ Rxf6 17. Nxd4 Qxd4+ 18. Kh2 Raf8 19. Rxf6 Rxf6 20. Re1 Rf2 21. Qxe5 Qxe5+ 22. Rxe5 Rxc2 23. Rxa5 Rxb2 24. Rd5 c6 1/2-1/2

[Event "BL 2425 SG Solingen - SV Werder Bremen"]
[Site "?"]
[Date "2025.01.12"]
[Round "6.4"]
[White "Andersen, Mads"]
[Black "Efimenko, Zahar"]
[Result "0-1"]
[WhiteElo "2594"]
[BlackElo "2563"]
[PlyCount "120"]
[EventDate "2025.??.??"]

1. e4 e5 2. Nf3 Nc6 3. Bc4 Bc5 4. c3 Nf6 5. d3 d6 6. O-O h6 7. Re1 O-O 8. h3 a5 9. d4 Bb6 10. Bb3 Re8 11. Bc2 exd4 12. cxd4 Nb4 13. Nc3 Nxc2 14. Qxc2 c6 15. Re2 Be6 16. Be3 d5 17. e5 Nd7 18. Na4 Bc7 19. Nh2 b5 20. Nc5 Nxc5 21. Qxc5 Rc8 22. Qxc6 Bxe5 23. Qxb5 Bd6 24. Nf3 Bf5 25. Rc1 Rb8 26. Qa4 f6 27. Qd1 Qd7 28. b3 Bxh3 29. gxh3 Qxh3 30. Bd2 Qg4+ 31. Kf1 Qh3+ 32. Kg1 Re4 33. Rxe4 dxe4 34. Ne5 fxe5 35. Rc3 Qe6 36. Be3 Rd8 37. Rc4 Be7 38. Qh5 exd4 39. Rxd4 Rxd4 40. Bxd4 Bg5 41. Qe2 Qd5 42. Bb6 Kh7 43. Qe1 Bd2 44. Qe2 Bb4 45. Qg4 h5 46. Qh4 Qd1+ 47. Kg2 Qf3+ 48. Kg1 Bc3 49. Bd8 Be1 50. Kf1 Bd2 51. Qg3 Qd3+ 52. Qxd3 exd3 53. a3 Kg6 54. Be7 Kf7 55. Bc5 Ke6 56. b4 a4 57. b5 Kd5 58. Bf8 g6 59. Kg2 Ba5 60. Kf3 Kc4 0-1

[Event "BL 2425 SG Solingen - SV Werder Bremen"]
[Site "?"]
[Date "2025.01.12"]
[Round "6.5"]
[White "Van Foreest, Lucas"]
[Black "Van Wely, Loek"]
[Result "1/2-1/2"]
[WhiteElo "2526"]
[BlackElo "2614"]
[PlyCount "129"]
[EventDate "2025.??.??"]

1. d4 Nf6 2. c4 e6 3. Nc3 d5 4. Bg5 Be7 5. cxd5 exd5 6. e3 h6 7. Bh4 O-O 8. Bd3 c6 9. Qc2 Re8 10. Nf3 Nbd7 11. O-O Ne4 12. Bxe7 Qxe7 13. Rfe1 Ndf6 14. Ne5 Bf5 15. f3 Nxc3 16. Bxf5 Nb5 17. Qd2 Nd6 18. Bd3 Nd7 19. Nxd7 Qxd7 20. e4 dxe4 21. fxe4 c5 22. e5 Nf5 23. Bxf5 Qxf5 24. dxc5 Rxe5 25. Rxe5 Qxe5 26. Rc1 a5 27. Qc3 Qe6 28. Qb3 Qe7 29. Qc3 Qe6 30. Qb3 Qe7 31. Qc3 Rc8 32. b3 Qe2 33. a3 Re8 34. Rf1 Re3 35. Qxa5 Rxb3 36. Qc7 Qe3+ 37. Kh1 Qe6 38. h3 Qd5 39. Qc8+ Kh7 40. Qf5+ Qxf5 41. Rxf5 Kg6 42. Rf4 Rxa3 43. Rb4 Ra5 44. Rb6+ f6 45. Rxb7 Rxc5 46. Kh2 h5 47. Ra7 h4 48. Rb7 Kh6 49. Ra7 g5 50. Ra6 Kg6 51. Rb6 Kf5 52. Ra6 Ke5 53. Rb6 f5 54. Rg6 Kf4 55. Rg8 Rc2 56. Rf8 Rf2 57. Ra8 Re2 58. Rf8 Re5 59. Rg8 g4 60. hxg4 fxg4 61. Rh8 h3 62. Rf8+ Rf5 63. Rxf5+ Kxf5 64. gxh3 g3+ 65. Kg2 1/2-1/2

[Event "BL 2425 SG Solingen - SV Werder Bremen"]
[Site "?"]
[Date "2025.01.12"]
[Round "6.6"]
[White "Ganguly, Surya Shekhar"]
[Black "Hracek, Zbynek"]
[Result "1/2-1/2"]
[WhiteElo "2578"]
[BlackElo "2539"]
[PlyCount "40"]
[EventDate "2025.??.??"]

1. e4 e5 2. Nf3 Nc6 3. Bc4 Nf6 4. d3 Be7 5. O-O O-O 6. a4 d6 7. a5 Be6 8. a6 b6 9. Nc3 Bxc4 10. dxc4 Nb8 11. Bg5 Nbd7 12. Re1 c6 13. Qd2 h6 14. Bh4 Qc7 15. h3 Rad8 16. Qe3 Rfe8 17. Red1 Qc8 18. Ne2 Kh7 19. b4 d5 20. c3 dxc4 1/2-1/2

[Event "BL 2425 SG Solingen - SV Werder Bremen"]
[Site "?"]
[Date "2025.01.12"]
[Round "6.7"]
[White "Babula, Vlastimil"]
[Black "Krastev, Alexander"]
[Result "0-1"]
[WhiteElo "2497"]
[BlackElo "2431"]
[PlyCount "68"]
[EventDate "2025.??.??"]

1. d4 Nf6 2. c4 e6 3. Nc3 c5 4. d5 exd5 5. cxd5 d6 6. e4 g6 7. f4 Bg7 8. Bb5+ Nfd7 9. a4 Qh4+ 10. g3 Qd8 11. Nf3 O-O 12. O-O Na6 13. f5 c4 14. Bg5 Qb6+ 15. Kh1 Nac5 16. Nd2 Ne5 17. Be7 Ncd3 18. Qe2 Qd4 19. Bxf8 Kxf8 20. Nb3 Qb6 21. a5 Qc7 22. Nd4 a6 23. Ba4 Kg8 24. Ne6 fxe6 25. dxe6 gxf5 26. Nd5 Qc5 27. e7 Bd7 28. Bxd7 Nxd7 29. Rxf5 N7e5 30. Raf1 Qc6 31. Qe3 Ng6 32. h4 Re8 33. Qg5 Nde5 34. h5 h6 0-1

[Event "BL 2425 SG Solingen - SV Werder Bremen"]
[Site "?"]
[Date "2025.01.12"]
[Round "6.8"]
[White "Naumann, Alexander"]
[Black "Wachinger, Nikolas"]
[Result "0-1"]
[WhiteElo "2476"]
[BlackElo "2441"]
[PlyCount "132"]
[EventDate "2025.??.??"]

1. e4 c5 2. Nf3 d6 3. d4 cxd4 4. Nxd4 Nf6 5. Nc3 a6 6. Be3 e5 7. Nf3 Be7 8. Bc4 O-O 9. O-O Nc6 10. Re1 Na5 11. Bf1 b5 12. Bg5 Bb7 13. Bxf6 Bxf6 14. Nd5 Rc8 15. a4 Bxd5 16. Qxd5 b4 17. Qd2 Qb6 18. Rad1 Rfd8 19. b3 Rc5 20. Qe2 h6 21. Rd2 Ra8 22. Red1 Qc7 23. g3 Be7 24. h4 Rc3 25. Bh3 Nb7 26. h5 Nc5 27. Bf5 Ne6 28. Bxe6 fxe6 29. Ne1 Bf8 30. Kg2 a5 31. Rd3 Rxd3 32. Rxd3 Qc6 33. Nf3 Be7 34. Ne1 Rf8 35. Rf3 Bf6 36. Rd3 d5 37. f3 Bg5 38. Kh2 Qc5 39. Kg2 d4 40. Rd1 Qc3 41. Nd3 Rc8 42. f4 exf4 43. gxf4 Bf6 44. e5 Qxc2 45. Qxc2 Rxc2+ 46. Kf3 Bd8 47. Rc1 Rc3 48. Ke4 Bb6 49. Rb1 Kf7 50. Rb2 Ba7 51. Rb1 Rc2 52. Rb2 Rxb2 53. Nxb2 g6 54. Nc4 gxh5 55. Nxa5 h4 56. Nc4 Kg6 57. Kf3 h5 58. a5 d3 59. a6 Bc5 60. Nd2 Kf5 61. Ne4 h3 62. Ng3+ Kg6 63. f5+ exf5 64. e6 h4 65. e7 Kf7 66. Nxf5 h2 0-1

[Event "BL 2425 Düsseldorfer SK - FC St. Pauli"]
[Site "?"]
[Date "2025.01.12"]
[Round "6.3"]
[White "Christiansen, Johan-Sebastian"]
[Black "Sindarov, Javokhir"]
[Result "0-1"]
[WhiteElo "2664"]
[BlackElo "2692"]
[PlyCount "134"]
[EventDate "2025.??.??"]

1. e4 c5 2. Nf3 e6 3. Nc3 Nc6 4. Bb5 Nd4 5. O-O a6 6. Bd3 Nc6 7. Nd5 g6 8. c3 Bg7 9. Re1 d6 10. Ne3 Nge7 11. Bb1 d5 12. d4 cxd4 13. cxd4 dxe4 14. Bxe4 O-O 15. Nc4 Nxd4 16. Be3 e5 17. Nfxe5 Nef5 18. Bd2 Rb8 19. Bc3 Be6 20. Bxf5 Nxf5 21. Qxd8 Rfxd8 22. Nb6 Nd4 23. Nbd7 Bxd7 24. Bxd4 Be6 25. Bc3 Rbc8 26. a3 Rc5 27. f4 Rcd5 28. h3 Bh6 29. Re4 Bf5 30. Rb4 b5 31. Ng4 Bxg4 32. hxg4 Re8 33. Re1 Rxe1+ 34. Bxe1 f5 35. gxf5 gxf5 36. Kf1 Bg7 37. Ke2 Kf7 38. Bc3 a5 39. Rb3 a4 40. Rb4 Bf8 41. Rd4 Ke6 42. Kd3 Bd6 43. Rxd5 Kxd5 44. Bd2 h5 45. Be3 b4 46. axb4 Bxb4 47. Bd4 Bd6 48. Be3 Bc5 49. Bd2 Bd4 50. Bc3 Bc5 51. Be5 Bb4 52. Bc7 Bf8 53. Be5 Bh6 54. Ke3 Kc4 55. Kf3 Bf8 56. Kg3 Be7 57. Kh3 Kd3 58. g3 Ke2 59. Bd4 Kf3 60. Be5 Bd8 61. Bg7 Bb6 62. Kh4 Bf2 63. Kxh5 Bxg3 64. Kg5 Ke4 65. Be5 Bf2 66. Kf6 Be3 67. Kg5 Bc1 0-1

[Event "BL 2425 Düsseldorfer SK - FC St. Pauli"]
[Site "?"]
[Date "2025.01.12"]
[Round "6.4"]
[White "Van Foreest, Jorden"]
[Black "Bjerre, Jonas Buhl"]
[Result "1-0"]
[WhiteElo "2680"]
[BlackElo "2640"]
[PlyCount "91"]
[EventDate "2025.??.??"]

1. e4 e5 2. Nf3 Nc6 3. Bb5 a6 4. Ba4 Nf6 5. O-O Be7 6. d3 b5 7. Bb3 d6 8. c3 O-O 9. Bc2 Re8 10. Re1 h6 11. Nbd2 Bf8 12. d4 exd4 13. cxd4 Bg4 14. h3 Bh5 15. g4 Bg6 16. a3 Qd7 17. Re3 Re7 18. b4 Rae8 19. d5 Ne5 20. Nxe5 dxe5 21. Rc3 Rd8 22. Qf3 h5 23. g5 Ne8 24. Nb3 Nd6 25. Rc6 Qc8 26. Bd3 Nb7 27. Rxa6 Rxd5 28. Rxg6 Rxd3 29. Rxg7+ Kxg7 30. Qxd3 Qe6 31. Bb2 Qg6 32. Nd4 Kh7 33. Nf5 Re8 34. Qxb5 Qxg5+ 35. Kh1 Re6 36. Rg1 Qd2 37. Qxb7 Qxb2 38. Qxc7 Rf6 39. Qd8 Qxf2 40. Qxf6 Qf3+ 41. Kh2 Qf2+ 42. Rg2 Qf4+ 43. Kg1 Qc1+ 44. Kf2 Qd2+ 45. Kf3 Qd1+ 46. Kg3 1-0

[Event "BL 2425 Düsseldorfer SK - FC St. Pauli"]
[Site "?"]
[Date "2025.01.12"]
[Round "6.5"]
[White "Maurizzi, Marc`Andria"]
[Black "Esipenko, Andrey"]
[Result "1/2-1/2"]
[WhiteElo "2579"]
[BlackElo "2699"]
[PlyCount "72"]
[EventDate "2025.??.??"]

1. e4 e5 2. Nf3 Nc6 3. Bc4 Nf6 4. d3 Be7 5. O-O O-O 6. Nc3 d6 7. a4 Be6 8. Re1 Bxc4 9. dxc4 a5 10. Nd5 Nxd5 11. cxd5 Nb8 12. Ra3 Qd7 13. Rc3 Na6 14. b3 f5 15. exf5 Rxf5 16. Nd2 Bg5 17. Ne4 Bxc1 18. Qxc1 b6 19. Qd2 Rf4 20. Ng5 Nc5 21. Ne6 Rb4 22. f4 exf4 23. Rf3 Qf7 24. c3 Re4 25. Rxe4 Nxe4 26. Qd4 Nc5 27. Nxf4 Qf5 28. b4 axb4 29. cxb4 Rxa4 30. Qb2 Qe5 31. Qxe5 dxe5 32. bxc5 exf4 33. cxb6 cxb6 34. Rb3 Rd4 35. Rxb6 Rxd5 36. Kf2 Kf7 1/2-1/2

[Event "BL 2425 Düsseldorfer SK - FC St. Pauli"]
[Site "?"]
[Date "2025.01.12"]
[Round "6.8"]
[White "Bologan, Victor"]
[Black "Krause, Benedict"]
[Result "1/2-1/2"]
[WhiteElo "2603"]
[BlackElo "2414"]
[PlyCount "107"]
[EventDate "2025.??.??"]

1. e4 c5 2. Nf3 e6 3. d4 cxd4 4. Nxd4 Nf6 5. Nc3 Nc6 6. Ndb5 Bb4 7. a3 Bxc3+ 8. Nxc3 d5 9. Bd3 dxe4 10. Nxe4 Nxe4 11. Bxe4 Qxd1+ 12. Kxd1 e5 13. Bd2 Be6 14. Re1 f6 15. f4 O-O-O 16. Bxc6 bxc6 17. fxe5 fxe5 18. Kc1 Rd5 19. b3 Rf8 20. Be3 Kb7 21. Kb2 Rf7 22. h3 Bf5 23. Re2 Bg6 24. a4 a5 25. Bd2 Kb6 26. Rg1 h5 27. Be3+ Kb7 28. Ree1 e4 29. Ref1 Rxf1 30. Rxf1 Rf5 31. Rd1 Rd5 32. Rxd5 cxd5 33. Kc3 h4 34. Kd2 d4 35. Bxd4 e3+ 36. Kxe3 Bxc2 37. Bxg7 Bxb3 38. Bf6 Kc6 39. Bxh4 Kd5 40. Kf4 Ke6 41. g4 Kf7 42. Kg5 Kg7 43. Be1 Bxa4 44. Bxa5 Bd7 45. Bc3+ Kh7 46. h4 Bc8 47. h5 Bd7 48. Kf4 Bb5 49. Kf5 Be2 50. Kg5 Bd1 51. Kh4 Ba4 52. g5 Be8 53. Kg4 Bf7 54. Kh4 1/2-1/2

[Event "BL 2425 SC Viernheim - Schachfreunde Dei"]
[Site "?"]
[Date "2025.01.12"]
[Round "6.4"]
[White "Maghsoodloo, Parham"]
[Black "Gledura, Benjamin"]
[Result "1-0"]
[WhiteElo "2674"]
[BlackElo "2661"]
[PlyCount "55"]
[EventDate "2025.??.??"]

1. d4 Nf6 2. c4 e6 3. Nc3 Bb4 4. e3 b6 5. Nge2 Ne4 6. Bd2 Nxd2 7. Qxd2 Bb7 8. a3 Be7 9. d5 O-O 10. f4 a5 11. g4 Na6 12. Ng3 Re8 13. O-O-O Nc5 14. Kb1 Bf8 15. g5 exd5 16. cxd5 b5 17. Bxb5 Ba6 18. a4 Qc8 19. Nf5 c6 20. Nh6+ gxh6 21. gxh6 Qd8 22. Qd4 f6 23. dxc6 Re6 24. f5 Re5 25. Bxa6 Nxa6 26. Qg4+ Kh8 27. Rxd7 Qe8 28. Rg7 1-0

[Event "BL 2425 SC Viernheim - Schachfreunde Dei"]
[Site "?"]
[Date "2025.01.12"]
[Round "6.5"]
[White "Kamsky, Gata"]
[Black "Sarana, Alexey"]
[Result "1-0"]
[WhiteElo "2611"]
[BlackElo "2677"]
[PlyCount "91"]
[EventDate "2025.??.??"]

1. Nf3 d5 2. g3 g6 3. Bg2 Bg7 4. d4 Nf6 5. O-O O-O 6. c4 c6 7. Qb3 a5 8. cxd5 a4 9. Qd1 cxd5 10. Nc3 Qa5 11. Bd2 Qa7 12. e3 Nc6 13. Qe2 e6 14. Rfc1 Bd7 15. Ne5 Nxe5 16. dxe5 Ne8 17. e4 d4 18. Nb5 Qb6 19. Na3 Bxe5 20. Nc4 Qa6 21. Qe1 Bb8 22. e5 Ng7 23. Na5 Ra7 24. b4 axb3 25. Nxb3 Bc6 26. Nc5 Qb6 27. Rab1 Qd8 28. Nxb7 Bxb7 29. Bxb7 Bc7 30. Qe4 Ba5 31. Rc8 Bxd2 32. Rxd8 Rxd8 33. Qc2 Bc3 34. a4 Nf5 35. Kg2 Ne7 36. Rb5 Kg7 37. Qb3 Rd7 38. Be4 Rdc7 39. Rb8 Rd7 40. Qa3 Ra5 41. Bc6 Rda7 42. Bb7 Rxb7 43. Rxb7 Nc6 44. Rb5 Ra8 45. Qd6 Ra6 46. Rb7 1-0

[Event "BL 2425 SC Viernheim - Schachfreunde Dei"]
[Site "?"]
[Date "2025.01.12"]
[Round "6.6"]
[White "Aravindh, Chithambaram VR."]
[Black "Moussard, Jules"]
[Result "1-0"]
[WhiteElo "2726"]
[BlackElo "2599"]
[PlyCount "113"]
[EventDate "2025.??.??"]

1. d4 Nf6 2. c4 e6 3. Nc3 d5 4. Bg5 Be7 5. e3 h6 6. Bh4 O-O 7. Nf3 Nbd7 8. Rc1 c6 9. Qc2 a6 10. a3 Re8 11. Rd1 Nh5 12. Bxe7 Qxe7 13. g4 Nhf6 14. g5 hxg5 15. Nxg5 Nf8 16. Rg1 e5 17. cxd5 Ng4 18. Nge4 Bf5 19. Qe2 Nf6 20. Nxf6+ Qxf6 21. dxe5 Rxe5 22. Qf3 Ng6 23. Be2 Rae8 24. d6 R5e6 25. d7 Rd8 26. e4 Bxe4 27. Nxe4 Qxb2 28. Kf1 Qe5 29. Ng5 Rf6 30. Qe4 Rf4 31. Qxe5 Nxe5 32. Rg3 Rxd7 33. Rxd7 Nxd7 34. Rd3 Nf8 35. Rd8 g6 36. Rc8 Rd4 37. Rb8 b5 38. Rc8 Rd5 39. Ne4 Kg7 40. Rxc6 Rd4 41. Nc3 b4 42. axb4 Rxb4 43. Rxa6 Nd7 44. Nd5 Rb1+ 45. Kg2 Rb2 46. Bc4 Ne5 47. Ne3 Rb4 48. Bd5 f5 49. Ra7+ Kh6 50. Re7 Nd3 51. Bc4 Nf4+ 52. Kg3 Nh5+ 53. Kf3 Kg5 54. Re6 Ng7 55. Rc6 Rb7 56. h4+ Kh6 57. Rf6 1-0

[Event "BL 2425 SC Viernheim - Schachfreunde Dei"]
[Site "?"]
[Date "2025.01.12"]
[Round "6.7"]
[White "Dautov, Rustem"]
[Black "Anton Guijarro, David"]
[Result "1/2-1/2"]
[WhiteElo "2564"]
[BlackElo "2664"]
[PlyCount "60"]
[EventDate "2025.??.??"]

1. d4 Nf6 2. Nf3 d5 3. c4 e6 4. Nc3 Bb4 5. Bg5 dxc4 6. e4 c5 7. Bxc4 cxd4 8. Nxd4 Qa5 9. Bd2 Qc5 10. Bb5+ Bd7 11. Nb3 Qc7 12. O-O O-O 13. Rc1 Nc6 14. Qe2 Rfd8 15. Bg5 Be7 16. Be3 Rac8 17. f4 Be8 18. e5 Nd5 19. Nxd5 Rxd5 20. Bd3 Qb8 21. Be4 Rdd8 22. a3 b6 23. Qf3 Na5 24. Nxa5 bxa5 25. Qf2 Qb3 26. h3 f5 27. exf6 Bxf6 28. Rxc8 Rxc8 29. Bd4 Bxd4 30. Qxd4 Qb6 1/2-1/2

[Event "BL 2425 SC Viernheim - Schachfreunde Dei"]
[Site "?"]
[Date "2025.01.12"]
[Round "6.8"]
[White "Korobov, Anton"]
[Black "Heimann, Andreas"]
[Result "1/2-1/2"]
[WhiteElo "2627"]
[BlackElo "2547"]
[PlyCount "47"]
[EventDate "2025.??.??"]

1. Nf3 d5 2. g3 c5 3. Bg2 Nf6 4. O-O g6 5. d3 Bg7 6. Nbd2 O-O 7. e4 Nc6 8. Re1 e5 9. exd5 Nxd5 10. Nc4 f6 11. c3 Be6 12. a4 Qc7 13. a5 b5 14. axb6 axb6 15. Rxa8 Rxa8 16. Nfd2 Rb8 17. Na3 Qd7 18. Qa4 Nde7 19. Ndc4 Bd5 20. Bxd5+ Qxd5 21. Rd1 h5 22. Nb5 Kh7 23. h4 Qf3 24. Qc2 1/2-1/2

[Event "BL 2425 SC Heimbach-Weis-Neuwied - OSG B"]
[Site "?"]
[Date "2025.01.12"]
[Round "6.1"]
[White "Firouzja, Alireza"]
[Black "Livaic, Leon"]
[Result "1/2-1/2"]
[WhiteElo "2763"]
[BlackElo "2557"]
[PlyCount "49"]
[EventDate "2025.??.??"]

1. e4 d6 2. d4 Nf6 3. Nc3 e5 4. Nf3 Nbd7 5. Bc4 Be7 6. O-O O-O 7. h3 c6 8. a4 exd4 9. Qxd4 Nc5 10. Rd1 Be6 11. b4 Bxc4 12. Qxc4 Ne6 13. Be3 Re8 14. a5 Qc8 15. Qb3 Bf8 16. Nd2 Nc7 17. Bd4 Qe6 18. Rab1 Nd7 19. b5 Qxb3 20. Rxb3 Ne6 21. Be3 Ndc5 22. Rbb1 g6 23. bxc6 bxc6 24. Nc4 Rad8 25. e5 1/2-1/2

[Event "BL 2425 SC Heimbach-Weis-Neuwied - OSG B"]
[Site "?"]
[Date "2025.01.12"]
[Round "6.2"]
[White "Kraemer, Martin"]
[Black "Aronian, Levon"]
[Result "1/2-1/2"]
[WhiteElo "2579"]
[BlackElo "2747"]
[PlyCount "30"]
[EventDate "2025.??.??"]

1. e4 e5 2. Nf3 Nc6 3. Nc3 Nf6 4. d4 exd4 5. Nxd4 Nxe4 6. Nxc6 Nxc3 7. Nxd8 Nxd1 8. Nxf7 Kxf7 9. Bc4+ Kf6 10. h4 Bc5 11. Bg5+ Kg6 12. Bd3+ Kf7 13. Bc4+ Kg6 14. Bd3+ Kf7 15. Bc4+ Kg6 1/2-1/2

[Event "BL 2425 SC Heimbach-Weis-Neuwied - OSG B"]
[Site "?"]
[Date "2025.01.12"]
[Round "6.4"]
[White "Nasuta, Grzegorz"]
[Black "Vachier-Lagrave, Maxime"]
[Result "1/2-1/2"]
[WhiteElo "2497"]
[BlackElo "2733"]
[PlyCount "75"]
[EventDate "2025.??.??"]

1. e4 c5 2. Nf3 Nc6 3. d4 cxd4 4. Nxd4 Nf6 5. Nc3 e5 6. Ndb5 d6 7. Bg5 a6 8. Na3 b5 9. Nd5 Be7 10. Bxf6 Bxf6 11. c3 Ne7 12. Nxf6+ gxf6 13. Be2 f5 14. exf5 Bxf5 15. Nc2 O-O 16. O-O Qb6 17. Qd2 Kh8 18. Rfd1 d5 19. a4 bxa4 20. Ne3 Be4 21. Bd3 f5 22. Bxe4 fxe4 23. Nxd5 Nxd5 24. Qxd5 Qxf2+ 25. Kh1 Qf5 26. Re1 e3 27. Qc5 Rab8 28. Qxe3 Rxb2 29. h3 Rg8 30. Qxe5+ Qxe5 31. Rxe5 Rbxg2 32. Ra5 R2g3 33. Kh2 Rxc3 34. R5xa4 Rc2+ 35. Kh1 Rg3 36. h4 Rh3+ 37. Kg1 Rc8 38. Kg2 1/2-1/2

[Event "BL 2425 SC Heimbach-Weis-Neuwied - OSG B"]
[Site "?"]
[Date "2025.01.12"]
[Round "6.5"]
[White "Rapport, Richard"]
[Black "Zilka, Stepan"]
[Result "1/2-1/2"]
[WhiteElo "2721"]
[BlackElo "2525"]
[PlyCount "133"]
[EventDate "2025.??.??"]

1. e4 e5 2. Nf3 Nc6 3. Bc4 Bc5 4. c3 Nf6 5. d3 a6 6. Nbd2 Ba7 7. O-O O-O 8. Re1 d6 9. Nf1 Na5 10. Bb3 Nxb3 11. axb3 h6 12. Ng3 Re8 13. h3 Nh7 14. d4 Ng5 15. Nxg5 hxg5 16. Be3 f6 17. b4 Be6 18. Qd3 Bb6 19. Rad1 Qe7 20. dxe5 dxe5 21. Bxb6 cxb6 22. Qd6 Qxd6 23. Rxd6 b5 24. Red1 Kf7 25. Nf1 Rac8 26. Ne3 Rc6 27. R6d3 Ke7 28. Kh2 Rcc8 29. Kg3 Rh8 30. Rd6 Rc6 31. Rxc6 bxc6 32. Ra1 Ra8 33. h4 gxh4+ 34. Kxh4 g6 35. Kg3 f5 36. exf5 gxf5 37. f4 Kf6 38. Rh1 Rg8+ 39. Kf3 e4+ 40. Ke2 Ke7 41. Kf2 Rd8 42. Rh7+ Kf6 43. Rh6+ Ke7 44. Rh7+ Kf6 45. Ke2 Bf7 46. Rh6+ Bg6 47. g4 Kg7 48. Rh4 fxg4 49. f5 Bf7 50. Rxg4+ Kf6 51. Rxe4 Bh5+ 52. Ke1 Kg5 53. Re6 Bf3 54. f6 Rf8 55. Kf2 Bh1 56. Re5+ Kxf6 57. Ng4+ Kg6+ 58. Ke3 Rf3+ 59. Ke2 Rg3 60. Ne3 Kf6 61. Re8 Kf7 62. Ra8 Be4 63. Rxa6 Rh3 64. Kf2 Rf3+ 65. Ke2 Rh3 66. Kf2 Rf3+ 67. Ke2 1/2-1/2

[Event "BL 2425 SC Heimbach-Weis-Neuwied - OSG B"]
[Site "?"]
[Date "2025.01.12"]
[Round "6.6"]
[White "Ferreira, Jorge Viterbo"]
[Black "Svidler, Peter"]
[Result "1/2-1/2"]
[WhiteElo "2524"]
[BlackElo "2698"]
[PlyCount "48"]
[EventDate "2025.??.??"]

1. e4 c5 2. Nf3 d6 3. Bb5+ Nd7 4. O-O a6 5. Bxd7+ Bxd7 6. c3 Nf6 7. Re1 Bc6 8. d4 Bxe4 9. Bg5 Bd5 10. c4 Bxf3 11. Qxf3 cxd4 12. Bxf6 gxf6 13. Qxf6 Rg8 14. Qxd4 Bg7 15. Qd2 Rc8 16. Qb4 Qd7 17. Nd2 Kf8 18. Re4 Bf6 19. Rae1 b5 20. g3 Rg5 21. Nf3 Rgc5 22. b3 bxc4 23. bxc4 a5 24. Qb3 d5 1/2-1/2

[Event "BL 2425 SC Heimbach-Weis-Neuwied - OSG B"]
[Site "?"]
[Date "2025.01.12"]
[Round "6.7"]
[White "Kasimdzhanov, Rustam"]
[Black "Kosakowski, Jakub"]
[Result "1-0"]
[WhiteElo "2683"]
[BlackElo "2539"]
[PlyCount "101"]
[EventDate "2025.??.??"]

1. c4 e5 2. g3 Nf6 3. Bg2 c6 4. Nf3 e4 5. Nd4 Qb6 6. e3 d5 7. Nc3 Bg4 8. Qb3 Bc5 9. h3 Bd7 10. Qxb6 axb6 11. cxd5 cxd5 12. Ndb5 Kd8 13. O-O Nc6 14. d3 exd3 15. Rd1 Ne5 16. Nd4 h5 17. b3 Ke7 18. Bb2 Rad8 19. f4 Nc6 20. Rxd3 Rhe8 21. Nxc6+ bxc6 22. Na4 Bd6 23. Nxb6 Bf5 24. Rc3 Kf8 25. Rxc6 Rxe3 26. Rxd6 Rxd6 27. Ba3 Ke7 28. Kf2 Rd3 29. Re1+ Be4 30. Nxd5+ Kd8 31. Bxd6 Rd2+ 32. Re2 Rxe2+ 33. Kxe2 Bxg2 34. Be7+ Kd7 35. Bxf6 Bxd5 36. Bxg7 Be6 37. h4 Kc6 38. Kd3 Bf5+ 39. Kc4 Bg4 40. Bf8 Bd1 41. f5 f6 42. Be7 Bg4 43. Bxf6 Bxf5 44. Bg5 Bg4 45. a4 Bd1 46. Kb4 Bc2 47. Ka3 Kd5 48. b4 Bd1 49. b5 Kc4 50. b6 Bf3 51. g4 1-0

[Event "BL 2425 SC Heimbach-Weis-Neuwied - OSG B"]
[Site "?"]
[Date "2025.01.12"]
[Round "6.8"]
[White "Winterberg, Lukas"]
[Black "Deac, Bogdan-Daniel"]
[Result "1/2-1/2"]
[WhiteElo "2411"]
[BlackElo "2696"]
[PlyCount "73"]
[EventDate "2025.??.??"]

1. d4 Nf6 2. Nf3 e6 3. c4 h6 4. Nc3 Bb4 5. Bd2 c5 6. e3 d6 7. a3 Bxc3 8. Bxc3 Ne4 9. Qc2 Nxc3 10. Qxc3 O-O 11. dxc5 dxc5 12. Bd3 Nd7 13. O-O-O Qe7 14. g4 b6 15. Ne5 Nxe5 16. Qxe5 Bb7 17. Be4 Rad8 18. Rxd8 Rxd8 19. Rd1 Rxd1+ 20. Kxd1 Bxe4 21. Qxe4 Qd6+ 22. Ke2 Qxh2 23. Qa8+ Kh7 24. Qxa7 Qg2 25. Qxf7 Qxg4+ 26. Kd3 h5 27. Qf4 Qd1+ 28. Ke4 Qd7 29. Kf3 e5 30. Qe4+ g6 31. Kg2 Qd6 32. Qb7+ Kh6 33. Qf7 Qc6+ 34. Kh2 Qd6 35. Kg2 Qc6+ 36. Kh2 Qd6 37. Kg2 1/2-1/2

[Event "BL 2425 FC Bayern München - USV TU Dres"]
[Site "?"]
[Date "2025.01.12"]
[Round "6.1"]
[White "Bartel, Mateusz"]
[Black "Tabatabaei, M. Amin"]
[Result "1-0"]
[WhiteElo "2625"]
[BlackElo "2668"]
[PlyCount "103"]
[EventDate "2025.??.??"]

1. e4 e6 2. d4 d5 3. Nc3 Nf6 4. Bg5 dxe4 5. Nxe4 Be7 6. Nxf6+ Bxf6 7. Bxf6 Qxf6 8. Nf3 O-O 9. Qd3 Rd8 10. O-O-O Bd7 11. h4 Bc6 12. Be2 Nd7 13. Qe3 b5 14. Ne5 Nxe5 15. dxe5 Rxd1+ 16. Rxd1 Qxh4 17. g3 Qe7 18. Rd4 a6 19. Bd3 Rf8 20. Rh4 h6 21. Rg4 Kh8 22. Rh4 f5 23. exf6 Rxf6 24. f4 Qd6 25. Rh5 Be8 26. Re5 Bg6 27. Be2 Qc6 28. Bd1 Qg2 29. Qc3 b4 30. Qe1 Bf5 31. Re2 Qb7 32. Re5 Qg2 33. Re2 Qd5 34. Qxb4 Qxa2 35. Re5 Qa1+ 36. Kd2 Rf7 37. Qd4 Qa2 38. g4 Bh7 39. b3 Qa3 40. Rxe6 Qa5+ 41. b4 Qa4 42. Ke1 Rd7 43. Re8+ Bg8 44. Qe4 c5 45. Be2 Rd4 46. Qe6 Qxb4+ 47. Kf2 Rxf4+ 48. Kg3 Qe1+ 49. Kxf4 Qf2+ 50. Bf3 g5+ 51. Kf5 Qxf3+ 52. Kg6 1-0